00604 a2200121 450000500170000010000270001724502180004425000080026226000540027094200070032499900190033195201320035020260327155525.0 aSaptahik Vivek9217348 aआधुनिक महाराष्ट्राची जडणघडण शिल्पकार चरित्रकोश खंड : १२ उद्योग,अर्थकारण ,क्रीडा a1st bSaptahik Vivek Hindusthan Prakashan Samsthac2026 cAR c370803d370803 00102ddc4070aCCEPbCCEPd2026-02-28e223g375.00l0o730.92 VIVpCCEP-BK-70473r2026-02-28 00:00:00v375.00w2026-02-28yBK